Insularity and development : international perspectives on islands
Αποθηκεύτηκε σε:
| Άλλοι συγγραφείς: | , |
|---|---|
| Μορφή: | Βιβλίο |
| Γλώσσα: | English |
| Δημοσίευση: |
London :
Pinter,
1999
|
| Σειρά: | Island studies series (London, England)
|
| Θέματα: | |
| Ετικέτες: |
Προσθήκη ετικέτας
Δεν υπάρχουν, Καταχωρήστε ετικέτα πρώτοι!
|
MARC
| LEADER | 00000nam a2200000 i 4500 | ||
|---|---|---|---|
| 001 | 1/73305 | ||
| 008 | 080204s1999 eng d | ||
| 020 | |a 1-85567-460-2 | ||
| 035 | |l 10094362 | ||
| 040 | |a GR-MY-UA |b gre |e aacr | ||
| 041 | 0 | |a eng | |
| 082 | 0 | |a 338.9 |2 (22) | |
| 245 | 1 | 0 | |a Insularity and development : |b international perspectives on islands / |c edited by Emilio Biagini, Brian Hoyle |
| 260 | |a London : |b Pinter, |c 1999 | ||
| 300 | |a xii, 378 σ.; |b εικ., χάρτες; |c 25 εκ. | ||
| 490 | 1 | |a Island studies series | |
| 500 | |a Η προέλευση αυτού του βιβλίου βρίσκεται σε μια Διεθνή Διάσκεψη που διοργανώνεται στο Κάλιαρι, Σαρδηνία, Ιταλία, τον Σεπτέμβριο του 1994 | ||
| 504 | |a Περιέχει βιβλιγραφικές παραπομπές και ευρετήριο | ||
| 650 | 0 | 0 | |a Islands |x Economic conditions |x Congresses. |
| 650 | 0 | 0 | |a Islands |x Environmental aspects |x Case studies |x Congresses. |
| 650 | 0 | 0 | |a Economic development |x Congresses. |
| 700 | 1 | |a Biagini, Emilio. |4 edt | |
| 700 | 1 | |a Hoyle, B. S. |4 edt | |
| 830 | 0 | |a Island studies series (London, England) | |
| 852 | |a INST |b LESVOS |e 20080204 |h 338.9 INS |p 005100040235 |q 005100040235 |t BK |y 0 | ||
| 901 | |a BIBL1-2008-1 | ||
| 909 | |a Λ |b 143261 | ||
| 922 | |a 1ΕΛΗ |b 200712 |c ΕΠΕΑΕΚ2/ΤΠ |d ΠΑΠΑΣΩΤΗΡΙΟΥ | ||
| 970 | |a ΚΑΡΑ |b ΓΙΑΣΕΜΗ |z 2008/02/04 | ||